Factors that motivate the graduates of the Bachelor of Science in Industrial Technology and Bachelor of Science in Hotel and Restaurant Management of Cavite State University-Rosario to undergo on-the-job training abroad / (Record no. 3927)
[ view plain ]
| 000 -LEADER | |
|---|---|
| fixed length control field | 01509nam a22002897a 4500 |
| 003 - CONTROL NUMBER IDENTIFIER | |
| control field | OSt |
| 005 - DATE AND TIME OF LATEST TRANSACTION | |
| control field | 20250323203643.0 |
| 008 - FIXED-LENGTH DATA ELEMENTS--GENERAL INFORMATION | |
| fixed length control field | 250307b ||||| |||| 00| 0 eng d |
| 040 ## - CATALOGING SOURCE | |
| Language of cataloging | English. |
| Transcribing agency | CvSU-CCAT Campus Library. |
| Description conventions | rda. |
| 050 ## - LIBRARY OF CONGRESS CALL NUMBER | |
| Classification number | UM HF 5549.5.T7 |
| Item number | M38 2008 |
| 100 ## - MAIN ENTRY--PERSONAL NAME | |
| Personal name | Matic, Ferdinand A., author. |
| 9 (RLIN) | 14778 |
| 245 ## - TITLE STATEMENT | |
| Title | Factors that motivate the graduates of the Bachelor of Science in Industrial Technology and Bachelor of Science in Hotel and Restaurant Management of Cavite State University-Rosario to undergo on-the-job training abroad / |
| Statement of responsibility, etc. | Ferdinand A. Matic, Josephine D. Sagge, and Maribel A. Salvacion. |
| 260 ## - PUBLICATION, DISTRIBUTION, ETC. | |
| Place of publication, distribution, etc. | Rosario, Cavite : |
| Name of publisher, distributor, etc. | Cavite State University-CCAT Campus, |
| Date of publication, distribution, etc. | 2008 |
| 300 ## - PHYSICAL DESCRIPTION | |
| Extent | ix, 45 leaves : |
| Other physical details | illustrations ; |
| Dimensions | 28 cm |
| 500 ## - GENERAL NOTE | |
| General note | Undergraduate Thesis (BSIE Major in Automotive Mechanical and Foods Technology) -- Cavite State University-CCAT Campus, 2008. |
| 504 ## - BIBLIOGRAPHY, ETC. NOTE | |
| Bibliography, etc. note | Includes bibliographical references and appendices. |
| 546 ## - LANGUAGE NOTE | |
| Language note | In English text |
| 650 ## - SUBJECT ADDED ENTRY--TOPICAL TERM | |
| Topical term or geographic name entry element | On-the-Job Training (OJT). |
| 9 (RLIN) | 15384 |
| 650 ## - SUBJECT ADDED ENTRY--TOPICAL TERM | |
| Topical term or geographic name entry element | Bachelor of Science in Industrial Technology (BSIT). |
| 9 (RLIN) | 15385 |
| 650 ## - SUBJECT ADDED ENTRY--TOPICAL TERM | |
| Topical term or geographic name entry element | Bachelor of Science in Hotel and Restaurant Management. |
| 9 (RLIN) | 15386 |
| 650 ## - SUBJECT ADDED ENTRY--TOPICAL TERM | |
| Topical term or geographic name entry element | Motivational factors. |
| 9 (RLIN) | 15387 |
| 700 ## - ADDED ENTRY--PERSONAL NAME | |
| Personal name | Sagge, Josephine D., author. |
| 9 (RLIN) | 14779 |
| 710 ## - ADDED ENTRY--CORPORATE NAME | |
| Corporate name or jurisdiction name as entry element | Salvacion, Maribel A., author. |
| 9 (RLIN) | 14780 |
| 711 ## - ADDED ENTRY--MEETING NAME | |
| Meeting name or jurisdiction name as entry element | Alvarez, Nextor M., adviser. |
| 9 (RLIN) | 14781 |
| 942 ## - ADDED ENTRY ELEMENTS (KOHA) | |
| Source of classification or shelving scheme | Library of Congress Classification |
| Koha item type | Thesis/Manuscripts/Dissertations |
| Call number prefix | UM |
| Classification part | HF 5549.5.T7 M38 2008 |
| Withdrawn status | Lost status | Source of classification or shelving scheme | Damaged status | Not for loan | Collection code | Home library | Current library | Shelving location | Date acquired | Coded location qualifier | Full call number | Barcode | Date last seen | Copy number | Price effective from | Koha item type |
|---|---|---|---|---|---|---|---|---|---|---|---|---|---|---|---|---|
| Library of Congress Classification | Thesis/Manuscript/Dissertation | Cavite State University - CCAT Campus | Cavite State University - CCAT Campus | TH | 04/17/2008 | UM | UM HF 5549.5.T7 M38 2008 | T0000416 | 10/24/2025 | 1 | 03/07/2025 | Thesis/Manuscripts/Dissertations |
